|
|
|
|
| LEADER |
01046nam a2200289 a 4500 |
| 001 |
42042 |
| 003 |
BD-DhAAL |
| 005 |
20240109105022.0 |
| 008 |
840314s1984 nyu b 001 0 eng |
| 010 |
|
|
|a 84005372
|
| 020 |
|
|
|a 0387909885 (pbk.)
|
| 040 |
|
|
|a DLC
|c DLC
|d DLC
|d BD-DhAAL
|
| 050 |
0 |
0 |
|a QA184
|b .D53 1984
|
| 082 |
0 |
0 |
|a 512.5
|2 21
|
| 100 |
1 |
|
|a Dhrymes, Phoebus J.,
|d 1932-
|9 55895
|
| 245 |
1 |
0 |
|a Mathematics for econometrics /
|c Phoebus J. Dhrymes.
|
| 250 |
|
|
|a Second edition
|
| 260 |
|
|
|a New York :
|b Springer-Verlag,
|c c1984.
|
| 300 |
|
|
|a x, 150 pages ;
|c 24 cm.
|
| 500 |
|
|
|a Includes index.
|
| 504 |
|
|
|a Bibliography: p. 146-147.
|
| 541 |
|
|
|a Complimentary copy from Professor Dr. Nasreen Khundker
|e 42042
|
| 650 |
|
0 |
|a Algebras, Linear.
|
| 650 |
|
0 |
|a Econometrics.
|
| 942 |
|
|
|2 ddc
|c BK
|
| 999 |
|
|
|c 46276
|d 46276
|
| 952 |
|
|
|0 0
|1 0
|2 ddc
|4 0
|6 512_500000000000000_DHR
|7 0
|9 74917
|a BRACUL
|b BRACUL
|c GEN
|d 2024-01-09
|e Complimentary copy from Professor Dr. Nasreen Khundker
|g 1317.00
|l 0
|o 512.5 DHR
|p 3010042042
|r 2024-01-09
|w 2024-01-09
|y BK
|x ₹1,000
|